000 00331nam a2200145Ia 4500
008 221030s9999 xx 000 0 und d
041 _aEnglish
082 _a105.23
_bRan
100 _aS. C. Rangwala
245 0 _aEngineering Materials
260 _bCharotar Pub
_aNew Delhi
_c2000
300 _a539
650 _aEE
942 _cBK
999 _c6855
_d6855